[Event "Mistrzostwa Polski Niewidomych"]
[Site "Jastrzebia Gora"]
[Date "2009.06.02"]
[Round "1.1"]
[White "Pawelec, Bartosz"]
[Black "Suder, Ryszard"]
[Result "0-1"]
[WhiteElo "2054"]
[BlackElo "2175"]
[PlyCount "132"]
[EventDate "2009.??.??"]

1. e4 d6 2. d4 Nf6 3. Nc3 g6 4. Bg5 Bg7 5. Qd2 c6 6. Nf3 O-O 7. Bd3 Nbd7 8. O-O
Qc7 9. Ne2 e5 10. c3 Re8 11. Ng3 Nf8 12. h3 Ne6 13. Be3 Nd7 14. Bc2 Nb6 15. Bb3
exd4 16. cxd4 d5 17. e5 f6 18. Rfe1 Nd7 19. exf6 Bxf6 20. Ng5 Ndf8 21. h4 Qg7
22. h5 Nxg5 23. Bxg5 Bd7 24. Qf4 Bxg5 25. Qxg5 Ne6 26. Qe5 Nxd4 27. Qc7 Bf5 28.
Qxg7+ Kxg7 29. Nxf5+ Nxf5 30. hxg6 hxg6 31. Rad1 Kf6 32. f4 Rxe1+ 33. Rxe1 Nd4
34. Bd1 Ne6 35. g3 Rg8 36. Bg4 Nd4 37. Kf2 Rh8 38. Kg2 a5 39. Rd1 Nc2 40. Rd2
Ne3+ 41. Kf3 Nc4 42. Re2 Rd8 43. b3 Nd6 44. Bh3 Nf5 45. Rd2 Re8 46. Rd3 Re1 47.
Kf2 Ra1 48. Rd2 Nd6 49. Ke3 Ne4 50. Rg2 c5 51. Bd7 Nc3 52. Rc2 Rxa2 53. Rxa2
Nxa2 54. g4 g5 55. Bb5 Nc3 56. Bd3 b5 57. f5 a4 58. bxa4 bxa4 59. Kd2 Ne4+ 60.
Kc2 Ke5 61. Kb2 c4 62. Be2 c3+ 63. Kc2 d4 64. Bb5 Nf2 65. Be2 a3 66. Kb3 d3 0-1

[Event "Mistrzostwa Polski Niewidomych"]
[Site "Jastrzebia Gora"]
[Date "2009.06.02"]
[Round "1.2"]
[White "Gunajew, Rafal"]
[Black "Zoltek, Tadeusz"]
[Result "1-0"]
[WhiteElo "2245"]
[BlackElo "2227"]
[PlyCount "65"]
[EventDate "2009.??.??"]

1. e4 e6 2. d4 d5 3. Nd2 Nf6 4. e5 Nfd7 5. Bd3 c5 6. c3 Nc6 7. Ne2 cxd4 8. cxd4
Qb6 9. Nf3 f6 10. exf6 Nxf6 11. O-O Bd6 12. a3 O-O 13. b4 e5 14. dxe5 Nxe5 15.
Ned4 Bg4 16. Be2 Rad8 17. Bg5 Bb8 18. Bh4 Ng6 19. Bg3 Bxg3 20. hxg3 Ne4 21. Rc1
a6 22. Qd3 Qd6 23. Rc2 Rd7 24. Rd1 Nxg3 25. fxg3 Qxg3 26. Bf1 Nf4 27. Qe3 Bxf3
28. Nxf3 Rd6 29. Qe1 Qg6 30. Rcd2 Re6 31. Qh4 h6 32. Rd4 Nxg2 33. Bxg2 1-0

[Event "Mistrzostwa Polski Niewidomych"]
[Site "Jastrzebia Gora"]
[Date "2009.06.02"]
[Round "1.3"]
[White "Staruch, Roman"]
[Black "Stachanczyk, Jacek"]
[Result "1/2-1/2"]
[WhiteElo "1991"]
[BlackElo "2162"]
[PlyCount "61"]
[EventDate "2009.??.??"]

1. e4 g6 2. d4 c5 3. Nf3 cxd4 4. Nxd4 Nf6 5. Bd3 Bg7 6. O-O Nc6 7. c3 O-O 8.
Nd2 d5 9. Nxc6 bxc6 10. exd5 Nxd5 11. Nf3 e5 12. Bg5 f6 13. Bh4 Qb6 14. Qc2 Be6
15. Bg3 Rfd8 16. Rad1 Rd7 17. Bc4 Rad8 18. h3 Kh8 19. Bb3 a5 20. Rfe1 Qa7 21.
Nd4 exd4 22. Rxe6 dxc3 23. Rde1 cxb2 24. Re8+ Bf8 25. Qxb2 Kg7 26. Bh4 Rxe8 27.
Rxe8 Rd6 28. Bg3 Rd7 29. Bh4 Rd6 30. Bg3 Rd7 31. Bh4 1/2-1/2

[Event "Mistrzostwa Polski Niewidomych"]
[Site "Jastrzebia Gora"]
[Date "2009.06.02"]
[Round "1.4"]
[White "Ruszczycki, Jacek"]
[Black "Falkowski, Dawid"]
[Result "1-0"]
[WhiteElo "2043"]
[BlackElo "2035"]
[PlyCount "85"]
[EventDate "2009.??.??"]

1. e4 d5 2. exd5 Nf6 3. Bb5+ Bd7 4. Bc4 c6 5. Nc3 Bg4 6. f3 Bf5 7. dxc6 Nxc6 8.
Nge2 e5 9. d3 Bc5 10. Ng3 Qd4 11. Qe2 Qh4 12. Be3 Bxe3 13. Qxe3 O-O 14. O-O-O
Be6 15. Bxe6 fxe6 16. Nge4 Nd5 17. Qg5 Qf4+ 18. Qxf4 Nxf4 19. Rhg1 Nd4 20. Kd2
Rac8 21. Nd6 Rc6 22. Nc4 Rc7 23. a4 Rf5 24. Rdf1 Rh5 25. h3 Rg5 26. Ne3 h5 27.
h4 Rg3 28. Nb5 Rc6 29. Nc3 Kf8 30. Ke1 Ke7 31. Kf2 Rg6 32. Rc1 Ke8 33. Nc4 e4
34. fxe4 Rf6 35. Ke3 e5 36. Nxe5 Rcd6 37. Nb5 Nxb5 38. axb5 Rfe6 39. Nc4 Nd5+
40. Kd2 Nf6 41. Nxd6+ Rxd6 42. Kc3 Ng4 43. Rge1 1-0

[Event "Mistrzostwa Polski Niewidomych"]
[Site "Jastrzebia Gora"]
[Date "2009.06.02"]
[Round "1.5"]
[White "Kulpinski, Piotr"]
[Black "Lipski, Tadeusz"]
[Result "0-1"]
[WhiteElo "1954"]
[BlackElo "2174"]
[PlyCount "86"]
[EventDate "2009.??.??"]

1. d4 d5 2. c4 Nc6 3. Nf3 Bg4 4. Nc3 Nf6 5. Bf4 e6 6. e3 Bd6 7. cxd5 exd5 8.
Bg5 O-O 9. a3 Be7 10. Bxf6 Bxf6 11. Qb3 Bxf3 12. gxf3 Bxd4 13. Rd1 Bxe3 14.
fxe3 Qh4+ 15. Ke2 Rfe8 16. Rxd5 Nd4+ 17. Rxd4 Qxd4 18. Ne4 Qe5 19. Rg1 Qxh2+
20. Rg2 Qh6 21. Kf2 Re5 22. Bc4 Qh4+ 23. Ng3 Rd8 24. Qc3 Rg5 25. Qb4 Kh8 26.
Qe7 Ra8 27. f4 Rg4 28. Qxf7 Rg6 29. Qxc7 Rd8 30. Kf3 Qg4+ 31. Kf2 Rd2+ 32. Be2
Rxe2+ 33. Nxe2 Qxg2+ 34. Ke1 h5 35. Qd8+ Kh7 36. Qd3 h4 37. Kd2 h3 38. f5 Rf6
39. e4 h2 40. e5 Qg5+ 41. Kc3 Rc6+ 42. Kb3 h1=Q 43. f6+ Qg6 0-1

[Event "Mistrzostwa Polski Niewidomych"]
[Site "Jastrzebia Gora"]
[Date "2009.06.02"]
[Round "1.6"]
[White "Dukaczewski, Piotr"]
[Black "Wolanski, Michal"]
[Result "1-0"]
[WhiteElo "2347"]
[BlackElo "1944"]
[PlyCount "87"]
[EventDate "2009.??.??"]

1. c4 Nf6 2. Nc3 c5 3. Nf3 Nc6 4. d4 cxd4 5. Nxd4 d6 6. e4 g6 7. Be2 Bg7 8. Nc2
O-O 9. O-O Be6 10. Bd2 Rc8 11. b3 Nd7 12. Ne3 Nc5 13. f3 a5 14. Rb1 Qb6 15.
Ncd5 Qa7 16. a3 a4 17. b4 Nb3 18. c5 Rfe8 19. b5 Bxd5 20. exd5 Qxc5 21. dxc6
Bd4 22. Kf2 bxc6 23. b6 Qxa3 24. Bc4 Nxd2 25. Qxd2 Qc5 26. Rfc1 Bxe3+ 27. Qxe3
Qa5 28. Ba2 Qa6 29. Rc4 d5 30. Rh4 Kg7 31. Qh6+ Kf6 32. Rf4+ Ke6 33. Qxh7 Rf8
34. Re1+ Kd7 35. Rxf7 Qxb6+ 36. Kg3 Qb8+ 37. f4 Rxf7 38. Qxf7 Qd6 39. Bb1 Qb4
40. Qe6+ Kd8 41. Bxg6 a3 42. Bf5 Qc3+ 43. Re3 Qg7+ 44. Bg4 1-0

[Event "Mistrzostwa Polski Niewidomych"]
[Site "Jastrzebia Gora"]
[Date "2009.06.03"]
[Round "2.1"]
[White "Suder, Ryszard"]
[Black "Wolanski, Michal"]
[Result "1-0"]
[WhiteElo "2175"]
[BlackElo "1944"]
[PlyCount "41"]
[EventDate "2009.??.??"]

1. Nf3 c5 2. b3 Nf6 3. Bb2 Nc6 4. e3 g6 5. Be2 Bg7 6. O-O O-O 7. c4 d5 8. cxd5
Nxd5 9. Bxg7 Kxg7 10. Qc1 b6 11. d4 Bf5 12. dxc5 Ncb4 13. a3 Nc6 14. Rd1 Kg8
15. Qc4 Be6 16. e4 Na5 17. Qc2 Ne3 18. fxe3 Bxb3 19. Rxd8 Bxc2 20. Rxa8 Rxa8
21. Nbd2 1-0

[Event "Mistrzostwa Polski Niewidomych"]
[Site "Jastrzebia Gora"]
[Date "2009.06.03"]
[Round "2.2"]
[White "Lipski, Tadeusz"]
[Black "Dukaczewski, Piotr"]
[Result "0-1"]
[WhiteElo "2174"]
[BlackElo "2347"]
[PlyCount "96"]
[EventDate "2009.??.??"]

1. e4 c5 2. Nf3 Nc6 3. Nc3 d6 4. d4 cxd4 5. Nxd4 Nf6 6. g3 g6 7. Bg2 Bg7 8.
Nxc6 bxc6 9. e5 dxe5 10. Bxc6+ Bd7 11. Bxa8 Qxa8 12. f3 e4 13. O-O exf3 14.
Qxf3 Bc6 15. Qe2 O-O 16. Bf4 Qb7 17. Be5 Ng4 18. Bxg7 Qb6+ 19. Rf2 Nxf2 20.
Qxf2 Qxf2+ 21. Kxf2 Kxg7 22. Rd1 Rc8 23. Ke3 e5 24. Ne2 f5 25. c4 g5 26. Rd6
f4+ 27. gxf4 gxf4+ 28. Nxf4 exf4+ 29. Kxf4 Be8 30. b3 Rc7 31. Ke5 Bf7 32. Ra6
Re7+ 33. Kd4 Kf8 34. Rh6 Bg6 35. b4 Rd7+ 36. Kc5 Rc7+ 37. Kd4 Kg7 38. Rh4 Bf7
39. Kd3 Kf6 40. a4 Ke5 41. a5 Bg6+ 42. Ke3 Rd7 43. Rg4 Rd3+ 44. Kf2 Kf5 45. Rg1
Kf4 46. Re1 Be4 47. Rf1 Bf3 48. Rc1 Rd2+ 0-1

[Event "Mistrzostwa Polski Niewidomych"]
[Site "Jastrzebia Gora"]
[Date "2009.06.03"]
[Round "2.3"]
[White "Falkowski, Dawid"]
[Black "Kulpinski, Piotr"]
[Result "0-1"]
[WhiteElo "2035"]
[BlackElo "1954"]
[PlyCount "42"]
[EventDate "2009.??.??"]

1. e4 c6 2. d4 d5 3. Nd2 dxe4 4. Nxe4 Bf5 5. Ng3 Bg6 6. h4 h6 7. Nh3 e6 8. Nf4
Bh7 9. c3 Nf6 10. Bd3 Bxd3 11. Qxd3 Be7 12. Bd2 Nbd7 13. Ngh5 Nxh5 14. Nxh5 Kf8
15. O-O-O Qa5 16. g4 Qxa2 17. g5 Nb6 18. gxh6 g6 19. Bf4 Nc4 20. Qe2 Qa1+ 21.
Kc2 Qxb2+ 0-1

[Event "Mistrzostwa Polski Niewidomych"]
[Site "Jastrzebia Gora"]
[Date "2009.06.03"]
[Round "2.4"]
[White "Stachanczyk, Jacek"]
[Black "Ruszczycki, Jacek"]
[Result "1-0"]
[WhiteElo "2162"]
[BlackElo "2043"]
[PlyCount "57"]
[EventDate "2009.??.??"]

1. e4 c6 2. d4 d5 3. Nc3 dxe4 4. Nxe4 Nd7 5. Nf3 Ngf6 6. Nxf6+ Nxf6 7. Ne5 Bf5
8. Be2 h5 9. O-O e6 10. Bg5 Be7 11. Bf3 Nd5 12. Bxe7 Qxe7 13. c4 Nf4 14. Nxc6
Qc7 15. Ne5 O-O-O 16. c5 f6 17. Nc4 Bd3 18. Nd6+ Kb8 19. Re1 Ba6 20. Re3 g5 21.
Qa4 g4 22. Be4 f5 23. Qxa6 fxe4 24. Nxb7 Rxd4 25. Na5 Ka8 26. Nc6 Rd2 27. Ra3
Rd7 28. Nxa7 Qb7 29. Qxb7+ 1-0

[Event "Mistrzostwa Polski Niewidomych"]
[Site "Jastrzebia Gora"]
[Date "2009.06.03"]
[Round "2.5"]
[White "Zoltek, Tadeusz"]
[Black "Staruch, Roman"]
[Result "0-1"]
[WhiteElo "2227"]
[BlackElo "1991"]
[PlyCount "91"]
[EventDate "2009.??.??"]

1. c4 e6 2. Nf3 Nf6 3. g3 d5 4. Bg2 Be7 5. O-O O-O 6. d4 b6 7. b3 Bb7 8. Bb2
dxc4 9. bxc4 c5 10. e3 Nbd7 11. Nbd2 Qc7 12. Qb3 Rac8 13. Rac1 Ne4 14. Rfd1
Ndf6 15. d5 exd5 16. Nxe4 dxe4 17. Be5 Qc6 18. Ng5 Ng4 19. Rd6 Bxd6 20. Bxe4
Qc7 21. Bxd6 Qxd6 22. Bxb7 Rcd8 23. Bd5 Qf6 24. Nh3 Rfe8 25. Nf4 g5 26. Nh3 h6
27. a4 Qe5 28. a5 Rd6 29. axb6 axb6 30. Qa4 Rf6 31. Qd7 h5 32. Nxg5 Rf8 33. Nh3
Qb2 34. Rf1 Qe5 35. Nf4 Nh6 36. h4 Ng4 37. Kg2 Nh6 38. Rd1 Ng4 39. Bf3 Qb2 40.
Rd2 Qc3 41. Bxg4 hxg4 42. Rd3 Qe5 43. Qxg4+ Kh7 44. Rd5 Qe4+ 45. Kh2 Rh6 46.
Nh5 0-1

[Event "Mistrzostwa Polski Niewidomych"]
[Site "Jastrzebia Gora"]
[Date "2009.06.03"]
[Round "2.6"]
[White "Pawelec, Bartosz"]
[Black "Gunajew, Rafal"]
[Result "1-0"]
[WhiteElo "2054"]
[BlackElo "2245"]
[PlyCount "89"]
[EventDate "2009.??.??"]

1. e4 c5 2. c3 e6 3. d4 b6 4. Bd3 Bb7 5. f4 Nf6 6. Qe2 Be7 7. Nf3 O-O 8. O-O d6
9. e5 Ne8 10. Nbd2 Nd7 11. Ne4 Bxe4 12. Bxe4 d5 13. Bd3 c4 14. Bc2 g6 15. g4
Ng7 16. Kh1 f5 17. exf6 Rxf6 18. Bd2 Rf7 19. Ng5 Rf6 20. Rae1 Nf8 21. f5 b5 22.
Nh3 Rf7 23. fxg6 Rxf1+ 24. Rxf1 hxg6 25. Bh6 Bd6 26. Ng5 Qe7 27. Rf7 Qxf7 28.
Nxf7 Kxf7 29. Qf1+ Kg8 30. Qf6 Ne8 31. Qg5 Ng7 32. Bxg6 Nxg6 33. Qxg6 Bf8 34.
Bxg7 Bxg7 35. Qxe6+ Kh8 36. Qxd5 Rf8 37. Qxb5 Rf2 38. g5 Kh7 39. Qxc4 Rxb2 40.
h4 Rf2 41. d5 Kg6 42. Qg4 Bxc3 43. h5+ Kg7 44. Qd7+ Kg8 45. Qc8+ 1-0

[Event "Mistrzostwa Polski Niewidomych"]
[Site "Jastrzebia Gora"]
[Date "2009.06.04"]
[Round "3.1"]
[White "Gunajew, Rafal"]
[Black "Suder, Ryszard"]
[Result "1/2-1/2"]
[WhiteElo "2245"]
[BlackElo "2175"]
[PlyCount "82"]
[EventDate "2009.??.??"]

1. e4 d6 2. d4 Nf6 3. Nd2 e5 4. c3 Be7 5. Ngf3 Nbd7 6. Qc2 c6 7. Be2 O-O 8. O-O
Re8 9. dxe5 dxe5 10. a4 Qc7 11. b4 Nf8 12. Nc4 Ng6 13. Rd1 h6 14. h3 Be6 15.
Be3 b5 16. Na5 a6 17. Nd2 Nd7 18. Nab3 Bg5 19. Bxg5 hxg5 20. c4 Nf4 21. Bf1
bxc4 22. Nxc4 Rab8 23. Nd6 Red8 24. Nc5 Nxc5 25. Qxc5 Qb6 26. Qxe5 f6 27. Qc5
Qxb4 28. Qxb4 Rxb4 29. a5 Rb2 30. Bxa6 g4 31. hxg4 Bxg4 32. Nc4 Rxd1+ 33. Rxd1
Ra2 34. Ne3 Rxa5 35. Bc4+ Be6 36. Bxe6+ Nxe6 37. Rd6 Ng5 38. f3 c5 39. Rc6 Kf7
40. Nf5 Ne6 41. Ne3 Ke7 1/2-1/2

[Event "Mistrzostwa Polski Niewidomych"]
[Site "Jastrzebia Gora"]
[Date "2009.06.04"]
[Round "3.2"]
[White "Staruch, Roman"]
[Black "Pawelec, Bartosz"]
[Result "1/2-1/2"]
[WhiteElo "1991"]
[BlackElo "2054"]
[PlyCount "57"]
[EventDate "2009.??.??"]

1. e4 c6 2. d4 d5 3. e5 Bf5 4. Ne2 e6 5. Ng3 Bg6 6. h4 h6 7. h5 Bh7 8. Bd3 Bxd3
9. cxd3 Qb6 10. Be3 Qxb2 11. Nd2 Bb4 12. O-O Qa3 13. Nb3 Nd7 14. Qg4 Bf8 15. f4
Ne7 16. f5 Nxf5 17. Nxf5 exf5 18. Rxf5 Qe7 19. Raf1 Qe6 20. Qf3 f6 21. exf6
gxf6 22. Bf2 O-O-O 23. Bg3 Re8 24. Re1 Qf7 25. Rc1 Qe6 26. Re1 Qf7 27. Rc1 Qe6
28. Re1 Qf7 29. Rc1 1/2-1/2

[Event "Mistrzostwa Polski Niewidomych"]
[Site "Jastrzebia Gora"]
[Date "2009.06.04"]
[Round "3.3"]
[White "Ruszczycki, Jacek"]
[Black "Zoltek, Tadeusz"]
[Result "1/2-1/2"]
[WhiteElo "2043"]
[BlackElo "2227"]
[PlyCount "60"]
[EventDate "2009.??.??"]

1. e4 c5 2. f4 Nc6 3. Nf3 g6 4. d4 cxd4 5. Nxd4 Bg7 6. c3 Qb6 7. Nb3 d6 8. Qf3
Nf6 9. Be3 Qc7 10. N1d2 a6 11. a4 Bg4 12. Qf2 Be6 13. h3 Bxb3 14. Nxb3 Nxe4 15.
Qf3 Nf6 16. a5 O-O 17. g4 Qc8 18. Nd2 e6 19. Nc4 Qd8 20. Bg2 d5 21. Nb6 Rb8 22.
Qf2 Nd7 23. O-O Nxb6 24. Bxb6 Qd7 25. Rad1 Ne7 26. Rfe1 Rfc8 27. Ba7 Ra8 28.
Bc5 Bf8 29. c4 Qc7 30. b4 Re8 1/2-1/2

[Event "Mistrzostwa Polski Niewidomych"]
[Site "Jastrzebia Gora"]
[Date "2009.06.04"]
[Round "3.4"]
[White "Kulpinski, Piotr"]
[Black "Stachanczyk, Jacek"]
[Result "0-1"]
[WhiteElo "1954"]
[BlackElo "2162"]
[PlyCount "62"]
[EventDate "2009.??.??"]

1. d4 Nf6 2. c4 g6 3. Nc3 Bg7 4. Nf3 O-O 5. e4 d6 6. Be2 e5 7. O-O exd4 8. Nxd4
Re8 9. f3 Nc6 10. Be3 Nh5 11. f4 Nf6 12. Bf3 Bg4 13. Nxc6 Bxf3 14. Qxf3 bxc6
15. e5 dxe5 16. Rad1 Qb8 17. fxe5 Rxe5 18. Bd4 Re6 19. Ne4 Rxe4 20. Bxf6 Qe8
21. b3 Qe6 22. Qc3 Re3 23. Qa1 Bf8 24. Bd4 Re2 25. Rde1 c5 26. Bh8 Re8 27. Bc3
Qe3+ 28. Kh1 Qg5 29. Rg1 Bd6 30. Rxe2 Rxe2 31. g3 Qh5 0-1

[Event "Mistrzostwa Polski Niewidomych"]
[Site "Jastrzebia Gora"]
[Date "2009.06.04"]
[Round "3.5"]
[White "Dukaczewski, Piotr"]
[Black "Falkowski, Dawid"]
[Result "1-0"]
[WhiteElo "2347"]
[BlackElo "2035"]
[PlyCount "23"]
[EventDate "2009.??.??"]

1. c4 Nf6 2. Nc3 e6 3. e4 e5 4. Nf3 Nc6 5. d4 exd4 6. Nxd4 Bb4 7. Nxc6 bxc6 8.
Qd4 Qe7 9. f3 d5 10. cxd5 cxd5 11. Bb5+ Kf8 12. Bc6 1-0

[Event "Mistrzostwa Polski Niewidomych"]
[Site "Jastrzebia Gora"]
[Date "2009.06.04"]
[Round "3.6"]
[White "Wolanski, Michal"]
[Black "Lipski, Tadeusz"]
[Result "1/2-1/2"]
[WhiteElo "1944"]
[BlackElo "2174"]
[PlyCount "67"]
[EventDate "2009.??.??"]

1. c4 e5 2. Nc3 Bb4 3. Nd5 Ba5 4. Nf3 c6 5. Nc3 d6 6. g3 f5 7. d3 Nf6 8. Bg2
O-O 9. O-O Kh8 10. Rb1 Be6 11. b4 Bc7 12. b5 d5 13. bxc6 bxc6 14. cxd5 cxd5 15.
Nb5 Nbd7 16. Ba3 Re8 17. Qc2 Bb8 18. Qc6 Nb6 19. Ng5 Qd7 20. Qxd7 Bxd7 21. Rfc1
Bxb5 22. Rxb5 Kg8 23. Rc6 e4 24. dxe4 Nxe4 25. Nxe4 fxe4 26. f3 Be5 27. Bb2
Bxb2 28. Rxb2 Re7 29. fxe4 dxe4 30. Rb4 Rae8 31. Rd6 Kf7 32. Rdd4 e3 33. Re4
Kf6 34. Rxe7 1/2-1/2

[Event "Mistrzostwa Polski Niewidomych"]
[Site "Jastrzebia Gora"]
[Date "2009.06.05"]
[Round "4.1"]
[White "Suder, Ryszard"]
[Black "Lipski, Tadeusz"]
[Result "1/2-1/2"]
[WhiteElo "2175"]
[BlackElo "2174"]
[PlyCount "60"]
[EventDate "2009.??.??"]

1. Nf3 b6 2. g3 g6 3. Bg2 Bb7 4. O-O Bg7 5. d4 e6 6. c4 Ne7 7. Nc3 d6 8. e4 Nd7
9. Re1 O-O 10. Be3 Re8 11. Qd2 Rb8 12. Rad1 Qc8 13. b3 a6 14. Bh6 Qd8 15. Qf4
Rf8 16. Qh4 Nc6 17. Qxd8 Rfxd8 18. Bxg7 Kxg7 19. d5 Ne7 20. dxe6 fxe6 21. Nd4
Kf6 22. Bh3 Nf8 23. Nc2 g5 24. Re3 Neg6 25. Rf1 d5 26. exd5 exd5 27. cxd5 Bxd5
28. Nxd5+ Rxd5 29. Rfe1 Rbd8 30. Bf1 Rd2 1/2-1/2

[Event "Mistrzostwa Polski Niewidomych"]
[Site "Jastrzebia Gora"]
[Date "2009.06.05"]
[Round "4.2"]
[White "Falkowski, Dawid"]
[Black "Wolanski, Michal"]
[Result "1-0"]
[WhiteElo "2035"]
[BlackElo "1944"]
[PlyCount "105"]
[EventDate "2009.??.??"]

1. e4 c5 2. Nf3 d6 3. d4 cxd4 4. Qxd4 Nc6 5. Bb5 Nf6 6. Bg5 e5 7. Qd3 Be7 8.
Nc3 O-O 9. O-O-O Ne8 10. h4 Bg4 11. Bxe7 Qxe7 12. Nd5 Qd8 13. Ne3 a6 14. Bxc6
Bxf3 15. gxf3 bxc6 16. Nc4 Rb8 17. Nxe5 Qc7 18. Nc4 d5 19. Ne3 Qa5 20. Kb1 Nd6
21. Rhg1 Nb5 22. Ka1 dxe4 23. fxe4 Rfd8 24. Nc4 Qc7 25. Qe3 Qe7 26. h5 Rxd1+
27. Rxd1 Rd8 28. Rd3 Re8 29. h6 Qe6 30. a4 Nc7 31. Qg3 g6 32. b3 Qe7 33. Nd6
Qe5+ 34. Qxe5 Rxe5 35. f4 Re7 36. Kb2 Ne6 37. Rc3 Nd8 38. Kc1 Re6 39. Rd3 f6
40. Kd2 Kf8 41. Ke3 Nf7 42. Nxf7 Kxf7 43. Rd7+ Re7 44. Rd8 g5 45. f5 Re8 46.
Rxe8 Kxe8 47. b4 Kd7 48. c4 Kd6 49. b5 cxb5 50. cxb5 axb5 51. axb5 Kc5 52. e5
Kxb5 53. exf6 1-0

[Event "Mistrzostwa Polski Niewidomych"]
[Site "Jastrzebia Gora"]
[Date "2009.06.05"]
[Round "4.3"]
[White "Stachanczyk, Jacek"]
[Black "Dukaczewski, Piotr"]
[Result "1/2-1/2"]
[WhiteElo "2162"]
[BlackElo "2347"]
[PlyCount "152"]
[EventDate "2009.??.??"]

1. e4 c5 2. Nf3 Nc6 3. d4 cxd4 4. Nxd4 Nf6 5. Nc3 d6 6. Bg5 e6 7. Qd2 Be7 8.
O-O-O O-O 9. f4 h6 10. Bh4 e5 11. Nxc6 bxc6 12. fxe5 dxe5 13. Qxd8 Rxd8 14.
Rxd8+ Bxd8 15. Bc4 Kf8 16. Rd1 Ke7 17. Na4 Bg4 18. Re1 Bc7 19. Bf2 Ke8 20. Bb3
a5 21. Nc5 Bb6 22. Ba4 Rc8 23. c3 Bh5 24. Nd3 Bxf2 25. Nxf2 Nd7 26. Bd1 Bg6 27.
Bg4 Rb8 28. Bxd7+ Kxd7 29. b3 f6 30. Kc2 Kc7 31. Rd1 Bf7 32. Nd3 Kb6 33. Nb2
Kc7 34. Na4 Re8 35. Nc5 Re7 36. a4 h5 37. b4 axb4 38. cxb4 g6 39. a5 f5 40. a6
Kb6 41. Rd8 fxe4 42. Kc3 Ka7 43. Rd6 Rc7 44. g3 g5 45. Nxe4 Kxa6 46. Nxg5 Bd5
47. Ne6 Rf7 48. Nc5+ Kb5 49. Rd8 Rf3+ 50. Kd2 Kc4 51. Ke2 Ra3 52. Re8 Ra2+ 53.
Ke3 Ra3+ 54. Ke2 Kd4 55. Ne6+ Ke4 56. Nc5+ Kf5 57. Nd7 e4 58. Nc5 Bc4+ 59. Kf2
Bd5 60. Ke2 Bc4+ 61. Kf2 Bd3 62. Ke3 Bb1+ 63. Kf2 Ra2+ 64. Ke3 Rxh2 65. Nxe4
Bxe4 66. Rf8+ Ke5 67. Re8+ Kd5 68. Rd8+ Ke5 69. Re8+ Kf5 70. Rf8+ Kg4 71. Rg8+
Kh3 72. Kxe4 Rb2 73. Rg6 Rxb4+ 74. Kf3 Rg4 75. Rxc6 Rxg3+ 76. Kf2 Rg2+ 1/2-1/2

[Event "Mistrzostwa Polski Niewidomych"]
[Site "Jastrzebia Gora"]
[Date "2009.06.05"]
[Round "4.4"]
[White "Zoltek, Tadeusz"]
[Black "Kulpinski, Piotr"]
[Result "1-0"]
[WhiteElo "2227"]
[BlackElo "1954"]
[PlyCount "65"]
[EventDate "2009.??.??"]

1. c4 c6 2. Nf3 Nf6 3. Nc3 d5 4. e3 e6 5. Qc2 Nbd7 6. cxd5 exd5 7. d4 Bd6 8.
Bd3 O-O 9. Bd2 Re8 10. O-O Nf8 11. Bf5 Ne4 12. Bxc8 Rxc8 13. g3 Ng6 14. Ne1 Qg5
15. Ng2 h5 16. Nxe4 dxe4 17. f4 exf3 18. Rxf3 h4 19. Raf1 hxg3 20. e4 gxh2+ 21.
Kh1 Qb5 22. e5 Be7 23. Rxf7 Nh8 24. R7f3 Qd5 25. Ne3 Qxd4 26. Qb3+ Kh7 27. Rh3+
Bh4 28. Qc2+ Kg8 29. Qb3+ Kh7 30. Ng2 Ng6 31. Qc2 Kg8 32. Qxg6 Rf8 33. Qe6+ 1-0

[Event "Mistrzostwa Polski Niewidomych"]
[Site "Jastrzebia Gora"]
[Date "2009.06.05"]
[Round "4.5"]
[White "Pawelec, Bartosz"]
[Black "Ruszczycki, Jacek"]
[Result "1-0"]
[WhiteElo "2054"]
[BlackElo "2043"]
[PlyCount "59"]
[EventDate "2009.??.??"]

1. e4 c6 2. d4 d5 3. exd5 cxd5 4. Bd3 Nc6 5. c3 Nf6 6. Bf4 g6 7. Nf3 Bg7 8. h3
Nh5 9. Bg5 Qd6 10. Qc1 h6 11. Be3 f5 12. Na3 a6 13. Nh4 b5 14. g4 Qf6 15. gxh5
Qxh4 16. hxg6 e5 17. dxe5 Nxe5 18. Be2 O-O 19. Qd2 Bb7 20. Bd4 Rac8 21. Rg1
Rfe8 22. O-O-O b4 23. Nc2 bxc3 24. Bxc3 Qa4 25. Qd4 Qxa2 26. f4 Rxc3 27. bxc3
Nc4 28. Bxc4 dxc4 29. Qd7 Re2 30. Qf7+ 1-0

[Event "Mistrzostwa Polski Niewidomych"]
[Site "Jastrzebia Gora"]
[Date "2009.06.05"]
[Round "4.6"]
[White "Gunajew, Rafal"]
[Black "Staruch, Roman"]
[Result "1-0"]
[WhiteElo "2245"]
[BlackElo "1991"]
[PlyCount "123"]
[EventDate "2009.??.??"]

1. e4 d5 2. exd5 Nf6 3. Bb5+ Bd7 4. Be2 Nxd5 5. d4 Bf5 6. a3 e6 7. c4 Nb6 8.
Nc3 Be7 9. Nf3 O-O 10. Ne5 N8d7 11. O-O Nxe5 12. dxe5 Qxd1 13. Rxd1 Bc2 14. Rd4
Rfd8 15. Rg4 Bd3 16. Bh6 Bg6 17. Bg5 Bxg5 18. Rxg5 Rd2 19. b4 Na4 20. Nxa4 Rxe2
21. Nc3 Rc2 22. Rg3 Rd8 23. h3 Rdd2 24. Nb5 Rxc4 25. Nxa7 Rcc2 26. Nb5 Be4 27.
Nc3 Bg6 28. Nd1 Kf8 29. Ne3 Rc3 30. Nf1 Rxg3 31. Nxd2 Rc3 32. Nf1 Ke7 33. Ne3
Rb3 34. Kf1 Bd3+ 35. Kg1 Bg6 36. Nc4 b6 37. Nd2 Rb2 38. Nf3 Be4 39. Rc1 Rb1 40.
Rxb1 Bxb1 41. Nd2 Ba2 42. f4 h6 43. h4 Kd7 44. Ne4 Bd5 45. Nc3 Bb7 46. Kf2 Bc6
47. g4 Bb7 48. g5 h5 49. Ke3 Bg2 50. Kd4 Bh3 51. a4 Bg2 52. a5 c5+ 53. bxc5
bxa5 54. Nb5 a4 55. Kc3 Bd5 56. Kb4 Bb3 57. Nd4 Bd1 58. c6+ Kc7 59. Kc5 Bb3 60.
Nb5+ Kc8 61. Kb6 Bd5 62. Nd6+ 1-0

[Event "Mistrzostwa Polski Niewidomych"]
[Site "Jastrzebia Gora"]
[Date "2009.06.06"]
[Round "5.1"]
[White "Staruch, Roman"]
[Black "Suder, Ryszard"]
[Result "0-1"]
[WhiteElo "1991"]
[BlackElo "2175"]
[PlyCount "62"]
[EventDate "2009.??.??"]

1. e4 d6 2. d4 Nf6 3. Nc3 g6 4. f4 Bg7 5. Nf3 O-O 6. e5 dxe5 7. fxe5 Nd5 8. Bc4
Nb6 9. Bb3 Nc6 10. O-O Bg4 11. Be3 Na5 12. h3 Nbc4 13. Qe2 Nxe3 14. Qxe3 Nxb3
15. axb3 Bxf3 16. Rxf3 c6 17. Ne4 Qc7 18. c3 b6 19. Raf1 c5 20. e6 cxd4 21.
cxd4 f5 22. Ng5 Rad8 23. Rf4 h6 24. Nf7 g5 25. Nxh6+ Bxh6 26. Rxf5 Rxf5 27.
Rxf5 Qc2 28. Rxg5+ Kh7 29. Qf4 Rf8 30. Qf7+ Rxf7 31. exf7 Qc1+ 0-1

[Event "Mistrzostwa Polski Niewidomych"]
[Site "Jastrzebia Gora"]
[Date "2009.06.06"]
[Round "5.2"]
[White "Ruszczycki, Jacek"]
[Black "Gunajew, Rafal"]
[Result "0-1"]
[WhiteElo "2043"]
[BlackElo "2245"]
[PlyCount "80"]
[EventDate "2009.??.??"]

1. e4 c5 2. f4 d5 3. exd5 Qxd5 4. Nc3 Qd8 5. Nf3 Nf6 6. Ne5 e6 7. Qf3 Be7 8. b3
Nfd7 9. Bb2 Nxe5 10. fxe5 Nc6 11. Bb5 Bd7 12. Ne2 O-O 13. Bd3 Nb4 14. Be4 Bc6
15. Bxc6 Nxc6 16. O-O-O Qc7 17. Qe4 b5 18. Rhf1 a5 19. Rf3 g6 20. Rdf1 Nb4 21.
Qe3 c4 22. Qh6 cxb3 23. Nc3 Nxa2+ 24. Kb1 Qc4 25. cxb3 Nxc3+ 26. dxc3 Qh4 27.
Qxh4 Bxh4 28. Rd1 Rfd8 29. Rxd8+ Rxd8 30. Kc2 Be7 31. Rf1 Bg5 32. Rf2 Be3 33.
Rf3 Rd2+ 34. Kb1 Re2 35. c4 bxc4 36. bxc4 Bc5 37. Rg3 Re4 38. Bc3 a4 39. Rd3
Rxc4 40. Bd2 Rd4 0-1

[Event "Mistrzostwa Polski Niewidomych"]
[Site "Jastrzebia Gora"]
[Date "2009.06.06"]
[Round "5.3"]
[White "Kulpinski, Piotr"]
[Black "Pawelec, Bartosz"]
[Result "1-0"]
[WhiteElo "1954"]
[BlackElo "2054"]
[PlyCount "61"]
[EventDate "2009.??.??"]

1. d4 Nf6 2. Nf3 e6 3. Bg5 Be7 4. e3 Ne4 5. Bxe7 Qxe7 6. c3 b6 7. Bd3 Bb7 8.
O-O O-O 9. Nbd2 f5 10. Qc2 d5 11. Ne5 Nd7 12. Nxd7 Qxd7 13. Nf3 Qe7 14. Rae1 c5
15. Ne5 c4 16. Bxe4 fxe4 17. f3 exf3 18. gxf3 Rf5 19. f4 Raf8 20. Rf2 Qh4 21.
Qe2 Kh8 22. Rg2 Ba6 23. Rg4 Qe7 24. b3 Qa3 25. Qg2 g5 26. Rxg5 cxb3 27. Kh1
Qxa2 28. Qg3 Qa4 29. Rg7 Qe8 30. Rg1 Rh5 31. Nf7+ 1-0